000 00580nam a2200229Ia 4500
003 OSt
005 20221005131115.0
006 a|||||r|||| 00| 0
007 ta
008 221004b |||||||| |||| 00| 0 rus d
024 _a62223
037 _cTextual
040 _aCRL
_cCRL
_brus
041 _2rus
_arus
082 _aO142,2M60,1, 31H8
100 _aJhesikan R S Au.
_9639106
245 0 _aSerrithotam
260 _c1948
650 _aRUSSIAN LITERATURE
942 _hO142,2M60,1, 31H8
_cTEXL
_2cc
999 _c1059343
_d1059343